| 000 | 00856nam a2200217Ia 4500 | ||
|---|---|---|---|
| 003 | OSt | ||
| 005 | 20200811105906.0 | ||
| 008 | 191128s1960 ck gr 000 0 spa d | ||
| 040 |
_aCO-JMCR _cCO-JMCR |
||
| 041 | 0 | _aspa | |
| 082 | 0 | 4 |
_a368.001 / _bC656c _223 |
| 110 | 2 |
_aCompañía Central de Seguros _98556 |
|
| 245 | 2 | 0 |
_aContribución al estudio de los problemas del seguro en Colombia / _cCompañía Central de Seguros |
| 260 |
_aBogotá : _bEl Grafico, _c1960. |
||
| 300 |
_a110 páginas ; _c24 cm. |
||
| 505 | 0 | _aDel objetivo y alcace de esta ley de la organización y autorización para funcionar -- De los capitales y garantías -- De las reservas -- De la inversiones -- De los rasegurados -- Dsiposiciones generales | |
| 650 | 2 | 4 |
_aEmpresas de seguros _98557 |
| 650 | 2 | 4 |
_aSeguros _98558 |
| 650 | 2 | 4 |
_aLey de seguros _98559 |
| 942 |
_2ddc _cBK |
||
| 999 |
_c5988 _d5988 |
||